[Event "20th Dubai Open 2018"]
[Site "Dubai"]
[Date "2018.04.10"]
[Round "9"]
[White "Rajdeep Sarkar"]
[Black "Bhambure, Shantanu"]
[Result "0-1"]
[WhiteElo "2393"]
[BlackElo "2155"]
[Annotator "NA"]
[PlyCount "142"]
[EventDate "2018.??.??"]
[EventType "swiss"]
[EventCountry "UAE"]
[SourceTitle "playchess.com"]
[Source "ChessBase"]
[SourceQuality "1"]
[TimeControl "5400+30"]

1. Nf3 {[%emt 0:00:00]} d5 {[%emt 0:00:15]} 2. g3 {[%emt 0:00:00]} Nf6 {[%emt 0:00:18]} 3. Bg2 {[%emt 0:00:00]} c5 {[%emt 0:00:13]} 4. b3 {[%emt 0:00:07]} Nc6 {[%emt 0:00:29]} 5. Bb2 {[%emt 0:00:04]} Bg4 {[%emt 0:02:39]} 6. d3 {[%emt 0:00:54]} e6 {[%emt 0:00:45]} 7. Nbd2 {[%emt 0:00:15]} Be7 {[%emt 0:01:16]} 8. h3 {[%emt 0:00:43]} Bh5 {[%emt 0:01:18]} 9. g4 {[%emt 0:00:08]} Bg6 {[%emt 0:00:56]} 10. Nh4 {[%emt 0:00:04]} Qc7 {[%emt 0:05:56]} 11. e3 {[%emt 0:00:40]} O-O {[%emt 0:06:40]} 12. O-O {[%emt 0:05:12]} Ne8 {[%emt 0:16:27]} 13. Nxg6 {[%emt 0:01:19]} hxg6 {[%emt 0:01:50]} 14. f4 {[%emt 0:01:23]} Bf6 {[%emt 0:02:13]} 15. c3 {[%emt 0:00:38]} g5 {[%emt 0:05:18]} 16. Qe2 {[%emt 0:07:34]} Rd8 {[%emt 0:03:26]} 17. fxg5 {[%emt 0:11:09]} Bxg5 {[%emt 0:00:08]} 18. Nf3 {[%emt 0:00:04]} Be7 {[%emt 0:01:37]} 19. e4 {[%emt 0:02:49]} dxe4 {[%emt 0:08:11]} 20. Qxe4 {[%emt 0:00:35]} Nf6 {[%emt 0:00:56]} 21. Qe2 {[%emt 0:03:13]} Nd5 {[%emt 0:02:30]} 22. Rfd1 {[%emt 0:02:39]} Bf6 {[%emt 0:05:26]} 23. Qd2 {[%emt 0:11:44]} Qg3 {[%emt 0:05:30]} 24. Qe1 {[%emt 0:19:08]} Qxe1+ {[%emt 0:02:45]} 25. Nxe1 {[%emt 0:00:09]} Bxc3 {[%emt 0:05:29]} 26. Bxc3 {[%emt 0:00:05]} Nxc3 {[%emt 0:00:03]} 27. Rd2 {[%emt 0:00:02]} Nd5 {[%emt 0:01:36]} 28. Rc1 {[%emt 0:00:26]} b6 {[%emt 0:00:28]} 29. Nc2 {[%emt 0:02:05]} Nde7 {[%emt 0:01:52]} 30. a3 {[%emt 0:00:55]} Rd6 {[%emt 0:04:09]} 31. b4 {[%emt 0:00:58]} c4 {[%emt 0:02:36]} 32. Ne3 {[%emt 0:00:45]} b5 {[%emt 0:04:19]} 33. Rdd1 {[%emt 0:01:29]} cxd3 {[%emt 0:02:08]} 34. Bf1 {[%emt 0:00:22]} Rfd8 {[%emt 0:00:56]} 35. Rc5 {[%emt 0:03:04]} a6 {[%emt 0:00:49]} 36. Kf2 {[%emt 0:00:22]} f6 {[%emt 0:01:10]} 37. Bg2 {[%emt 0:00:58]} Ne5 {[%emt 0:00:44]} 38. Be4 {[%emt 0:02:40]} Kf7 {[%emt 0:02:04]} 39. Ke1 {[%emt 0:00:55]} Rd4 {[%emt 0:00:42]} 40. Bb7 {[%emt 0:00:43]} Rh8 {[%emt 0:02:02]} 41. Bg2 {[%emt 0:02:39]} Rhd8 {[%emt 0:00:23]} 42. Bb7 {[%emt 0:00:06]} R8d6 {[%emt 0:00:42]} 43. Kd2 {[%emt 0:02:14]} Rf4 {[%emt 0:00:41]} 44. Kc3 {[%emt 0:07:09]} Rf2 {[%emt 0:00:38]} 45. g5 {[%emt 0:01:07]} Re2 {[%emt 0:00:20]} 46. gxf6 {[%emt 0:00:53]} gxf6 {[%emt 0:00:22]} 47. Ng4 {[%emt 0:00:44]} Nxg4 {[%emt 0:01:57]} 48. hxg4 {[%emt 0:00:07]} d2 {[%emt 0:00:24]} 49. Kc2 {[%emt 0:00:39]} e5 {[%emt 0:00:38]} 50. Bf3 {[%emt 0:00:40]} Rf2 {[%emt 0:00:38]} 51. Bb7 {[%emt 0:02:08]} Re2 {[%emt 0:00:30]} 52. Bf3 {[%emt 0:00:08]} Re3 {[%emt 0:00:17]} 53. Rc3 {[%emt 0:00:20]} Rxc3+ {[%emt 0:00:23]} 54. Kxc3 {[%emt 0:00:02]} Nd5+ 55. Kxd2 {[%emt 0:00:25]} Nxb4+ {[%emt 0:00:58]} 56. Ke2 {[%emt 0:01:00]} Rxd1 {[%emt 0:00:11]} 57. Kxd1 {[%emt 0:00:01]} Nd3 {[%emt 0:00:07]} 58. Kd2 {[%emt 0:00:17]} Nc5 {[%emt 0:00:04]} 59. Kc3 {[%emt 0:00:04]} Ke6 {[%emt 0:01:55]} 60. Kb4 {[%emt 0:00:04]} Kd6 {[%emt 0:00:17]} 61. Ka5 {[%emt 0:00:03]} e4 {[%emt 0:00:48]} 62. Be2 {[%emt 0:00:08]} Kd5 {[%emt 0:00:27]} 63. Kb6 {[%emt 0:00:20]} Kd4 {[%emt 0:00:29]} 64. Bf1 {[%emt 0:00:20]} e3 {[%emt 0:00:34]} 65. Be2 {[%emt 0:01:04]} Ne4 {[%emt 0:00:23]} 66. Kxa6 {[%emt 0:00:05]} Nc3 {[%emt 0:00:06]} 67. Bf1 {[%emt 0:00:28]} Kc5 {[%emt 0:00:10]} 68. Kb7 {[%emt 0:00:51]} e2 {[%emt 0:00:05]} 69. Bxe2 {[%emt 0:00:03]} Nxe2 {[%emt 0:00:03]} 70. Kc7 {[%emt 0:00:04]} Nd4 {[%emt 0:00:08]} 71. Kd7 {[%emt 0:00:03]} Kd5 {[%emt 0:00:03]} 0-1

[Event "20th Dubai Open 2018"]
[Site "Dubai"]
[Date "2018.04.10"]
[Round "9"]
[White "Omar, Noaman"]
[Black "Hakobyan, Eduard"]
[Result "0-1"]
[WhiteElo "2372"]
[BlackElo "2135"]
[Annotator "NA"]
[PlyCount "82"]
[EventDate "2018.??.??"]
[EventType "swiss"]
[EventCountry "UAE"]
[SourceTitle "playchess.com"]
[Source "ChessBase"]
[SourceQuality "1"]
[TimeControl "5400+30"]

1. d4 {[%emt 0:00:00]} Nf6 {[%emt 0:00:07]} 2. c4 {[%emt 0:00:06]} c5 {[%emt 0:00:13]} 3. d5 {[%emt 0:00:10]} e6 {[%emt 0:00:06]} 4. Nf3 {[%emt 0:00:34]} d6 {[%emt 0:00:26]} 5. Nc3 {[%emt 0:00:30]} exd5 {[%emt 0:00:07]} 6. cxd5 {[%emt 0:00:07]} g6 {[%emt 0:00:15]} 7. e4 {[%emt 0:00:10]} a6 {[%emt 0:00:25]} 8. a4 {[%emt 0:00:09]} Bg4 {[%emt 0:00:24]} 9. Be2 {[%emt 0:00:12]} Bxf3 {[%emt 0:00:15]} 10. Bxf3 {[%emt 0:00:03]} Bg7 {[%emt 0:00:11]} 11. O-O {[%emt 0:00:07]} O-O {[%emt 0:00:09]} 12. Bf4 {[%emt 0:01:10]} Qe7 {[%emt 0:00:34]} 13. Re1 {[%emt 0:03:22]} Nbd7 {[%emt 0:00:59]} 14. Qc2 {[%emt 0:00:22]} Rab8 {[%emt 0:02:29]} 15. a5 {[%emt 0:02:39]} b5 {[%emt 0:04:47]} 16. axb6 {[%emt 0:00:49]} Rxb6 {[%emt 0:00:23]} 17. Ra2 {[%emt 0:00:20]} Rfb8 {[%emt 0:07:27]} 18. Be2 {[%emt 0:01:30]} Ne5 {[%emt 0:12:30]} 19. h3 {[%emt 0:03:31]} Nh5 {[%emt 0:06:33]} 20. Bc1 {[%emt 0:12:19]} Qh4 {[%emt 0:28:51]} 21. Nd1 {[%emt 0:17:29]} Nf4 22. Bxf4 {[%emt 0:04:17]} Qxf4 {[%emt 0:02:31]} 23. Rxa6 {[%emt 0:03:38]} Nf3+ {[%emt 0:07:28]} 24. gxf3 {[%emt 0:04:11]} Be5 {[%emt 0:00:09]} 25. Kf1 {[%emt 0:06:14]} Qh2 {[%emt 0:06:10]} 26. Bc4 {[%emt 0:00:44]} Rxb2 {[%emt 0:00:38]} 27. Nxb2 {[%emt 0:00:19]} Rxb2 {[%emt 0:00:08]} 28. Qxb2 {[%emt 0:01:48]} Bxb2 {[%emt 0:00:02]} 29. Rd1 {[%emt 0:01:09]} Bd4 {[%emt 0:00:43]} 30. Rxd4 {[%emt 0:00:14]} cxd4 {[%emt 0:00:34]} 31. Ke2 {[%emt 0:00:16]} Kg7 {[%emt 0:00:43]} 32. Bd3 {[%emt 0:02:02]} h5 {[%emt 0:01:17]} 33. Ra4 {[%emt 0:00:20]} Qxh3 {[%emt 0:00:50]} 34. Rxd4 {[%emt 0:00:07]} Qg2 {[%emt 0:00:49]} 35. e5 {[%emt 0:03:29]} dxe5 {[%emt 0:00:10]} 36. Ra4 {[%emt 0:01:14]} Qg5 {[%emt 0:01:57]} 37. d6 {[%emt 0:00:22]} Qd8 {[%emt 0:01:18]} 38. Ra6 {[%emt 0:00:11]} Qd7 {[%emt 0:01:56]} 39. Rb6 {[%emt 0:02:07]} h4 {[%emt 0:01:05]} 40. Kf1 {[%emt 0:00:46]} h3 {[%emt 0:01:53]} 41. Kg1 {[%emt 0:00:10]} Qd8 {[%emt 0:00:06]} 0-1

[Event "20th Dubai Open 2018"]
[Site "Dubai"]
[Date "2018.04.10"]
[Round "9"]
[White "Saravana, Krishnan P"]
[Black "Erigaisi, Arjun"]
[Result "1/2-1/2"]
[WhiteElo "2312"]
[BlackElo "2481"]
[Annotator "TA"]
[PlyCount "63"]
[EventDate "2018.??.??"]
[EventType "swiss"]
[EventCountry "UAE"]
[SourceTitle "playchess.com"]
[Source "ChessBase"]
[SourceQuality "1"]

{[%evp 12,63,12,-1,12,8,33,-8,0,-15,13,16,27,0,0,-20,-17,-38,-21,-64,-72,-52,-56,-53,-10,-19,0,0,0,0,8,-22,0,-18,0,0,0,-6,-29,-15,-19,-13,-16,-15,83,0,0,0,-18,-3,72,72,147,153]} 1. e4 e6 2. d4 d5 3. exd5 exd5 4. Nf3 Nf6 5. Bd3 Bd6 6. Qe2+ Be6 {C01: French: Exchange Variation} 7. Ng5 {LiveBook: 4 Games} (7. c4 O-O 8. c5 Be7 9. O-O Bg4 10. h3 Bxf3 11. Qxf3 Nc6 12. Be3 Nb4 13. Bf5 g6 14. a3 {½-½ (109) Andreikin,D (2712)-Wang,H (2709) Huaian 2017}) 7... Qd7 8. Nxe6 fxe6 {The position is equal.} (8... Qxe6 {seems wilder.} 9. O-O O-O 10. Nc3 Qxe2 11. Nxe2 Nbd7) 9. Nd2 $146 ({Predecessor:} 9. O-O O-O 10. c3 Nc6 11. f4 Ne7 12. Re1 Rae8 13. g3 Nf5 14. Nd2 c5 15. Bb5 Qc7 16. Bxe8 Rxe8 17. g4 Nh4 18. g5 Nd7 19. Qh5 {1-0 (19) De Boer,P-De Kort,J Netherlands 1991}) 9... O-O 10. Nf3 c5 11. dxc5 Bxc5 12. Ne5 Qd6 13. O-O Nc6 14. Nxc6 bxc6 15. Bg5 e5 16. c3 e4 17. Bc2 Qe5 18. Be3 $1 {[%cal Re3c5]} Bd6 {[%csl Gd6][%cal Re5h2] [#]} 19. g3 Qe6 20. Bd4 Nd7 {...c5 is the strong threat.} 21. f4 Rab8 22. b4 c5 23. bxc5 Bxc5 24. Bb3 Bxd4+ 25. cxd4 Kh8 26. Rac1 Rfc8 27. Kg2 e3 (27... Qd6 $11) 28. Rce1 ({White should play} 28. Rxc8+ $16 Rxc8 29. Re1) 28... Rc3 $11 29. Rf3 {[%cal Rf3e3]} Qe4 30. Kg1 {[%cal Rf3e3]} Re8 (30... Qxd4 $11 {keeps the balance.} 31. Rd1 Qe4 32. Bxd5 Qe7) 31. Ba4 $16 Re7 (31... Qe6 $142) 32. Bxd7 $1 {Precision: White = 58%, Black = 36%.} 1/2-1/2

[Event "20th Dubai Open 2018"]
[Site "Dubai"]
[Date "2018.04.10"]
[Round "9"]
[White "Sekar, B."]
[Black "Christiansen, Johan-Sebastian"]
[Result "0-1"]
[WhiteElo "2298"]
[BlackElo "2498"]
[Annotator "TA"]
[PlyCount "114"]
[EventDate "2018.??.??"]
[EventType "swiss"]
[EventCountry "UAE"]
[SourceTitle "playchess.com"]
[Source "ChessBase"]
[SourceQuality "1"]

{[%evp 27,114,20,45,13,12,-28,-32,-30,-26,-37,-13,-12,0,-16,0,0,79,58,58,0,0,-6,0,-21,30,30,19,-5,46,0,0,-8,0,-47,61,-36,124,-58,122,-47,-54,-146,-52,-62,0,-99,-108,-189,-129,-118,-134,-182,-107,-105,-82,-78,-78,-95,-85,-93,-72,-80,-73,-82,-59,-52,-55,-68,-60,-66,-55,-60,-58,-64,-64,-67,-66,-58,-61,-94,-58,-50,-42,-87,-76,-99,-56,-557,-534]} 1. e4 e6 2. d4 d5 3. Nd2 Nf6 4. e5 Nfd7 5. Bd3 c5 6. c3 Nc6 7. Ne2 cxd4 8. cxd4 f6 9. exf6 Nxf6 10. O-O Bd6 11. Nf3 Qc7 12. Nc3 a6 13. Bd2 {C06: French Tarrasch: 3...Nf6 4 e5 Nfd7 5 Bd3 main lines} O-O 14. Rc1 Bd7 {LiveBook: 16 Games} 15. h3 {White is slightly better.} (15. Re1 Rae8 16. Na4 Bc8 17. Ne5 Qb8 18. Bf4 Nxd4 19. Bxh7+ Kxh7 20. Qxd4 Ne4 {1-0 (33) Shankland,S (2652)-Michiels,B (2563) Wijk aan Zee 2015}) 15... Be8 $1 16. Ng5 $146 ({Predecessor:} 16. Be3 Bh5 17. Be2 Rae8 18. Re1 h6 19. a3 Qe7 20. Qd3 Bb8 {½-½ (40) Wahlbom,M (2300)-Hedin,G (2113) Falun 2012}) 16... Qe7 17. Be3 h6 18. Nf3 Nh5 19. Re1 Qf6 20. Qe2 Bf7 21. Bb1 Ne7 (21... Bg6 $11 {remains equal.}) 22. Ne5 {aiming for Qd3.} Nf4 23. Qf3 (23. Bxf4 $14 Qxf4 24. Qd3) 23... Bh5 $11 24. Qg3 $132 {[%mdl 2048] White has counterplay} Rad8 25. Bd2 Neg6 (25... Rc8 $142) 26. Bxg6 Nxg6 27. f4 Ne7 (27... Rc8 $11) 28. Qf2 Be8 29. Qe2 Nf5 30. Qd3 Rc8 {[#]} ({Better is} 30... h5 $15) 31. Kh2 (31. Nxd5 $1 $14 {[%mdl 512]} Qd8 (31... exd5 32. Rxc8) 32. Rxc8 Qxc8 33. Ne3) 31... h5 $2 {[#]} (31... Bxe5 $15 32. dxe5 Qd8) 32. a3 $2 (32. Nxd5 $1 $16 {[%mdl 512]} Qd8 (32... exd5 33. Rxc8) 33. Rxc8 Qxc8 34. Nc3) 32... h4 $2 {[#]} (32... Rc7 $15 {keeps the upper hand.}) 33. Rf1 $2 (33. Nxd5 $1 $16 {[%mdl 512]} Qd8 (33... exd5 34. Rxc8) 34. Rxc8 Qxc8 35. Nc3) 33... Qd8 34. Rcd1 ({White should try} 34. Be3 $15) 34... Bh5 (34... Qb6 $17 35. Rfe1 Qxd4) 35. Rde1 $15 Be8 (35... Ng3 $15 36. Rg1 Qe8) 36. Bc1 (36. Rd1 $11 {keeps the balance.}) 36... Qb6 $17 37. Rd1 {[#]} (37. Nf3 $17 {keeps fighting.}) 37... Rc7 (37... Qxd4 $1 $19 {[%mdl 512]} 38. Qf3 (38. Qxd4 Nxd4) 38... Qb6) 38. Rfe1 Bh5 39. Nf3 Bxf3 (39... Rc6 $19 40. Rxe6 {[#]} Bxf4+ $1 {[%mdl 512]} 41. Bxf4 Rxe6 42. Nxd5 Qxb2) 40. Qxf3 Re7 41. Qg4 Qc7 42. Rf1 Ref7 43. Rf3 Qc4 44. Rfd3 Bb8 45. Ne2 Ba7 46. Rc3 Qa4 47. Rcd3 Rf6 48. Qf3 Rg6 49. Qh5 Qe8 50. Qf3 Bb8 51. Rf1 Bd6 52. Bd2 Qb8 53. Kg1 Qa7 54. Kh2 a5 55. Qf2 Qa6 56. Rc3 Bb8 57. Rc5 $2 {[%mdl 8192]} ({White should play} 57. Qe1 $15) 57... Ng3 {Precision: White = 28%, Black = 39%.} 0-1

[Event "20th Dubai Open 2018"]
[Site "Dubai"]
[Date "2018.04.10"]
[Round "9"]
[White "Dhulipalla, Bala Chandra Prasad"]
[Black "Chakravarthi Reddy, M."]
[Result "0-1"]
[WhiteElo "2294"]
[BlackElo "2442"]
[Annotator "TA"]
[PlyCount "68"]
[EventDate "2018.??.??"]
[EventType "swiss"]
[EventCountry "UAE"]
[SourceTitle "playchess.com"]
[Source "ChessBase"]
[SourceQuality "1"]

{[%evp 13,68,10,19,6,21,12,17,12,18,23,20,0,6,8,10,10,10,10,10,9,9,11,10,10,9,16,3,-33,-26,-101,-106,-100,-109,-97,-104,-98,-32,-181,-187,-175,-165,-129,-115,-115,-115,-137,-117,-274,-274,-243,-249,-658,-644,-623,-623,-6712,-6618]} 1. d4 Nf6 2. Nf3 d5 3. c4 c6 4. Nc3 a6 5. c5 g6 6. Bg5 {D15: Slav Defence: 4 Nc3 a6 and gambit lines after 4 Nc3 dxc4} (6. Bf4 Bg7 7. h3 O-O 8. e3 Bf5 9. Be2 Nbd7 10. Ne5 Ne4 11. Nxe4 Bxe4 12. O-O Nxe5 13. Bxe5 f6 14. Bg3 e5 15. Qd2 Qe7 16. b4 {½-½ (34) Yu,Y (2751)-Artemiev,V (2691) Huaian 2017}) 6... Bg7 7. e3 {[%cal Be2e3,Be3e4][%mdl 32]} O-O {LiveBook: 3 Games} 8. Be2 {The position is equal.} Nbd7 9. h3 Re8 10. O-O e5 11. dxe5 $146 ({Find the theoretical novelty and annotate with similar games:} 11. b4 exd4 12. Nxd4 Qc7 13. Bf4 Ne5 {1-0 (38) Tsyganov,I (2250)-Fernandez,D (2295) Stratton Mountain 2003}) 11... Nxe5 12. e4 Nxf3+ 13. Bxf3 {[%cal Re4d5]} d4 14. Na4 $1 h6 15. Bh4 g5 16. Bg3 {Black must now prevent Nb6.} Nxe4 17. Bxe4 Rxe4 18. Nb6 Bf5 $1 19. Nxa8 Qxa8 20. f4 Qd8 $1 21. Qf3 (21. Kh2 $11) 21... Re3 $17 22. Qf2 {Threatens to win with fxg5.} g4 23. hxg4 Bxg4 {And now ...d3 would win.} 24. f5 Qd5 ({Better is} 24... Bf6 $17) 25. Bf4 ({White should try} 25. Rae1 $1 $15) 25... Re2 $36 {[%mdl 2048] Black is on the roll.} 26. Qg3 h5 (26... Qxf5 27. Bxh6 $1 {[%mdl 512]} Qg6 28. Bxg7 $16) 27. Rad1 Rxb2 28. f6 Bxf6 {Hoping for ...Bh4!} 29. Rd2 d3 (29... Rxa2 30. Rxa2 Qxa2 31. Be5 $15) 30. Kh2 $2 {[#]} (30. Qxd3 $17 {was necessary.} Rxd2 31. Qxd2) 30... Rxd2 $1 ({Weaker is} 30... Rxa2 31. Rxa2 Qxa2 32. Qxd3 $17) ({Less strong is} 30... Qxc5 31. Rxb2 Bxb2 32. Qxd3 $17) 31. Bxd2 {[#]} Be5 $1 {[%cal Re5g3]} (31... Qxa2 32. Rxf6 Qxd2 33. Qb8+ Kg7 34. Qe5 $18) 32. Bf4 $2 (32. Rf4) 32... Bxf4 {Black is clearly winning.} 33. Rxf4 d2 34. Qe3 d1=Q {Precision: White = 28%, Black = 72%.} 0-1

[Event "20th Dubai Open 2018"]
[Site "Dubai"]
[Date "2018.04.10"]
[Round "9"]
[White "Pranav Vijay"]
[Black "Pantsulaia, Levan"]
[Result "0-1"]
[WhiteElo "2265"]
[BlackElo "2592"]
[Annotator "TA"]
[PlyCount "94"]
[EventDate "2018.??.??"]
[EventType "swiss"]
[EventCountry "UAE"]
[SourceTitle "playchess.com"]
[Source "ChessBase"]
[SourceQuality "1"]

{[%evp 17,93,0,0,0,0,-23,-28,-27,-10,-20,-16,-14,0,0,0,0,-11,-5,-6,-16,0,-42,-43,-76,-77,-63,-49,-116,-94,-139,-127,-210,-195,-213,-200,-201,-201,-196,-189,-277,-288,-395,-301,-379,-354,-468,-480,-489,-495,-504,-497,-464,-471,-569,-560,-580,-589,-867,-872,-29967,-6434,-29989,-29990,-29989,-29990,-29995,-29994,-29994,-29995,-29995,-29996,-29997,-29997,-29998,-29998,-29998,-29999,-29999]} 1. e4 c5 2. Nf3 e6 3. d3 Nc6 4. g3 d5 5. Qe2 Nf6 6. Bg2 Be7 7. O-O O-O 8. e5 Ne8 9. c4 Nc7 {LiveBook: 68 Games. C00: French: Unusual White 2nd moves} 10. Rd1 (10. Nc3 Rb8 11. a4 b6 12. h4 a6 13. Bf4 b5 14. axb5 axb5 15. Rfd1 Re8 16. b3 bxc4 17. dxc4 Rxb3 {½-½ (51) Jones,G (2661)-Van Wely,L (2663) Wolvega 2014}) 10... b5 11. h4 Ba6 {[%cal Rb5c4] Black has an edge.} 12. b3 Qd7 $146 ({Predecessor:} 12... Rc8 13. Bf4 Qd7 14. Nbd2 Rfd8 15. Nf1 Nd4 16. Nxd4 cxd4 17. Nd2 bxc4 18. bxc4 {1-0 (27) Stanik,H (2052)-Kipp,L (2007) Germany 2008}) 13. Bf4 Rfd8 {Threatens to win with ...dxc4.} 14. Nc3 bxc4 15. dxc4 Qe8 16. Nb5 Bxb5 $1 17. cxb5 Nb8 $1 18. a4 Nd7 19. Ng5 h6 20. Nh3 a6 21. bxa6 Rdb8 22. Qg4 ({White should play} 22. Rab1 $1 $15) 22... Rb4 23. Qf3 Qb8 24. Bf1 (24. Rd3 $17) 24... Rxb3 $19 25. Qh5 Nf8 26. Bd3 Nxa6 {[%cal Bc7a6,Ba6b4,Bb4c6,Bc6e5,Be5g4][%mdl 32]} 27. Qg4 Nb4 28. Bb1 (28. Bxh6 {was worth a try.} Qxe5 29. Bf4) 28... Nc6 29. Qh5 Qe8 30. Bxh6 gxh6 31. Qxh6 Nxe5 32. Nf4 {[#] Nh5 would kill now.} Ng4 33. Qh5 f5 34. Qxe8 Rxe8 35. Nxe6 Nxe6 36. Bxf5 Bf6 37. Ra2 Bd4 38. Bxe6+ Rxe6 39. a5 Rxg3+ {Black mates.} 40. Kh1 Nxf2+ 41. Kh2 Rh3+ 42. Kg2 Rg6+ 43. Kf1 Nxd1 44. a6 Rg1+ 45. Ke2 Nc3+ 46. Kd2 Rg2+ 47. Kc1 Rh1# {Precision: White = 39%, Black = 80%.} 0-1

[Event "20th Dubai Open 2018"]
[Site "Dubai"]
[Date "2018.04.10"]
[Round "9"]
[White "Karthik, Kumar Pradeep"]
[Black "Dimakiling, Oliver"]
[Result "1-0"]
[WhiteElo "2191"]
[BlackElo "2412"]
[Annotator "TA"]
[PlyCount "107"]
[EventDate "2018.??.??"]
[EventType "swiss"]
[EventCountry "UAE"]
[SourceTitle "playchess.com"]
[Source "ChessBase"]
[SourceQuality "1"]

{[%evp 11,107,12,10,5,8,0,0,0,0,0,54,39,84,27,90,56,55,57,86,57,39,51,37,27,81,64,101,68,80,80,88,47,49,62,129,132,128,125,129,136,128,135,118,76,141,162,207,192,361,354,353,358,329,328,322,320,449,449,449,449,441,441,441,422,467,467,879,441,877,530,610,495,573,552,589,550,648,649,640,629,625,608,627,612,29961,1197,29967,29969,29960,29966,29970,5620,29965,29966,29963,29962,29968,29969]} 1. e4 c5 2. Nf3 a6 3. g3 Nc6 4. Bg2 g6 5. O-O (5. d4 cxd4 6. Nxd4 Bg7 7. Be3 Nf6 8. O-O O-O 9. c4 d6 10. h3 Nxd4 11. Bxd4 Be6 12. Nd2 {½-½ (43) Najer,E (2663)-Vitiugov,N (2736) Sochi 2015}) 5... Bg7 6. c3 {B28: Sicilian: 2 Nf3 a6 (O'Kelly Variation)} e5 {LiveBook: 4 Games} 7. d3 Nge7 8. a3 {The position is equal.} O-O 9. b4 $146 ({Predecessor:} 9. Nbd2 d5 10. Qc2 h6 11. b4 cxb4 12. axb4 {0-1 (26) Pomar,M (2060)-Umetsubo,C (2391) Florianopolis 2017}) 9... cxb4 10. axb4 b5 ({Better is} 10... d5 $11) 11. Nbd2 h6 12. Bb2 (12. Nb3 $1 $16) 12... Rb8 (12... d5 $11) 13. Ne1 f5 14. exf5 gxf5 15. f4 d6 16. fxe5 dxe5 17. Nb3 Kh7 (17... Nd5 $11) 18. Qe2 Rf6 19. Nc2 Rg6 20. Kh1 Qd6 21. Nc5 a5 22. Ba3 $36 {[%mdl 2048] Black is under pressure.} Nd5 (22... axb4 $14 23. Nxb4 Nxb4 24. Bxb4 Nc6) 23. bxa5 $16 {aiming for Na6!} Nxc3 {[#]} 24. Qe1 $1 {Strongly threatening Na6.} b4 {[#]} 25. Nxb4 $1 {[%mdl 512]} Nxb4 (25... Rxb4 26. Bxb4) 26. Bxb4 Rxb4 27. Qxc3 Rb5 (27... Rb8 $142) 28. Rac1 Qb8 29. a6 $1 Rgb6 $2 (29... Qa7 30. Nb7 Be6) 30. Na4 $18 Rxa6 {White must now prevent ...Bb7.} 31. Qxc8 Qxc8 32. Rxc8 Rxa4 33. Bh3 {[%cal Rh3f5]} (33. Rxf5 Rb1+ 34. Rf1 Rxf1+ 35. Bxf1 Ra2 $16) 33... e4 (33... Rg4 {was called for.} 34. Bxg4 (34. Rxf5 Rb1+ 35. Kg2 Rb2+ 36. Rf2 Rxf2+ 37. Kxf2 Rg5 $18) 34... fxg4) 34. dxe4 fxe4 35. Bd7 Rba5 36. Bxa4 Rxa4 {[%mdl 4096] Endgame KRR-KRB} 37. Re8 Kg6 38. Re6+ Kg5 (38... Kh7 $142 39. Rf4 Rd4 40. Rfxe4 Rxe4 41. Rxe4 Kg6) 39. Rf4 Bd4 (39... Ra1+ $142 40. Kg2 Ra2+ 41. Kh3 h5 42. Rfxe4 Kf5) 40. Rfxe4 Kf5 41. Re2 h5 42. Rd6 h4 43. Rd5+ Kf6 44. Re4 Ra1+ 45. Kg2 Ra2+ 46. Kf3 Bg1 47. Rxh4 Bxh2 48. Rd1 (48. Rh6+ $142 Kg7 49. Rc6 Ra7 50. Kg2 Bxg3 51. Kxg3 Rf7 52. Rg5+ Kf8 53. Rh5) 48... Ra3+ {[#]} 49. Kg2 $1 Ra2+ 50. Kh3 Kf5 51. Rh1 (51. Re1 $142 Bxg3 52. Kxg3 Ra3+ 53. Kg2 Ra8 54. Rh3 Ra4 55. Rf3+ Kg6 56. Ref1 Ra2+ 57. Kh3) 51... Bxg3 52. Kxg3 {White mates.} Ra3+ 53. Kf2 Ra2+ 54. Ke3 {Precision: White = 66%, Black = 22%.} 1-0

[Event "20th Dubai Open 2018"]
[Site "Dubai"]
[Date "2018.04.10"]
[Round "9"]
[White "Phadke Sohan"]
[Black "Padmini, Rout"]
[Result "1/2-1/2"]
[WhiteElo "2150"]
[BlackElo "2360"]
[Annotator "NA"]
[PlyCount "61"]
[EventDate "2018.??.??"]
[EventType "swiss"]
[EventCountry "UAE"]
[SourceTitle "playchess.com"]
[Source "ChessBase"]
[SourceQuality "1"]
[TimeControl "5400+30"]

1. d4 {[%emt 0:00:07]} Nf6 {[%emt 0:00:19]} 2. Bf4 {[%emt 0:01:43]} e6 {[%emt 0:00:08]} 3. Nd2 {[%emt 0:03:19]} d5 {[%emt 0:00:06]} 4. e3 {[%emt 0:00:14]} c5 {[%emt 0:00:11]} 5. c3 {[%emt 0:00:19]} Nc6 {[%emt 0:00:04]} 6. Bd3 {[%emt 0:01:19]} b6 {[%emt 0:02:43]} 7. Ngf3 {[%emt 0:03:13]} Bb7 {[%emt 0:00:06]} 8. Ne5 {[%emt 0:05:32]} Bd6 9. Bb5 {[%emt 0:14:21]} Bxe5 {[%emt 0:02:52]} 10. dxe5 {[%emt 0:02:55]} Nd7 {[%emt 0:00:34]} 11. Qg4 {[%emt 0:01:06]} Kf8 {[%emt 0:03:37]} 12. Nf3 {[%emt 0:02:08]} h5 {[%emt 0:07:07]} 13. Qg3 {[%emt 0:14:39]} h4 {[%emt 0:00:09]} 14. Qg4 {[%emt 0:00:09]} Qc7 {[%emt 0:00:53]} 15. Nxh4 {[%emt 0:14:05]} Ncxe5 {[%emt 0:01:55]} 16. Qg3 {[%emt 0:06:23]} Bc6 {[%emt 0:02:19]} 17. Bxc6 {[%emt 0:01:26]} Qxc6 {[%emt 0:00:30]} 18. Bxe5 {[%emt 0:07:53]} Nxe5 {[%emt 0:00:29]} 19. Qxe5 {[%emt 0:00:03]} Rxh4 {[%emt 0:00:11]} 20. O-O {[%emt 0:01:01]} f6 {[%emt 0:01:24]} 21. Qg3 {[%emt 0:01:18]} Rh6 {[%emt 0:00:08]} 22. Rad1 {[%emt 0:00:32]} Rd8 {[%emt 0:05:38]} 23. Rd2 {[%emt 0:01:07]} Qd6 {[%emt 0:00:14]} 24. Qxd6+ {[%emt 0:00:06]} Rxd6 {[%emt 0:00:02]} 25. Rfd1 {[%emt 0:00:10]} Rc6 {[%emt 0:00:11]} 26. f4 {[%emt 0:00:16]} f5 {[%emt 0:00:10]} 27. h3 {[%emt 0:00:05]} Rc7 {[%emt 0:00:26]} 28. Kf2 {[%emt 0:00:06]} Rf6 {[%emt 0:00:15]} 29. Kf3 {[%emt 0:00:05]} Rff7 {[%emt 0:00:09]} 30. Kf2 {[%emt 0:00:07]} Rf6 31. Kg1 1/2-1/2